<?xml version="1.0" encoding="UTF-8"?>
<record
    xmlns:xsi="http://www.w3.org/2001/XMLSchema-instance"
    xsi:schemaLocation="http://www.loc.gov/MARC21/slim http://www.loc.gov/standards/marcxml/schema/MARC21slim.xsd"
    xmlns="http://www.loc.gov/MARC21/slim">

  <leader>01182nam a22002657a 4500</leader>
  <controlfield tag="005">20170124103200.0</controlfield>
  <datafield tag="010" ind1=" " ind2=" ">
    <subfield code="a">197123</subfield>
  </datafield>
  <datafield tag="020" ind1=" " ind2=" ">
    <subfield code="c">1.50</subfield>
  </datafield>
  <datafield tag="035" ind1=" " ind2=" ">
    <subfield code="a">197123</subfield>
  </datafield>
  <datafield tag="037" ind1=" " ind2=" ">
    <subfield code="b">Cen Lib/Ret</subfield>
  </datafield>
  <datafield tag="040" ind1=" " ind2=" ">
    <subfield code="a">DPL</subfield>
    <subfield code="b">HN</subfield>
  </datafield>
  <datafield tag="082" ind1=" " ind2=" ">
    <subfield code="a">301.153</subfield>
    <subfield code="b">&#x938;&#x941;&#x930;&#x947;&#x936; </subfield>
  </datafield>
  <datafield tag="100" ind1=" " ind2=" ">
    <subfield code="a">&#x938;&#x941;&#x930;&#x947;&#x936; &#x930;&#x93E;&#x92E; &#x92D;&#x93E;&#x908; </subfield>
    <subfield code="9">49978</subfield>
  </datafield>
  <datafield tag="245" ind1=" " ind2=" ">
    <subfield code="a">&#x938;&#x902;&#x924; &#x935;&#x93F;&#x928;&#x94B;&#x92C;&#x93E; &#x915;&#x940; &#x906;&#x928;&#x928;&#x94D;&#x926;-&#x92F;&#x93E;&#x924;&#x94D;&#x930;&#x93E; /</subfield>
    <subfield code="c">&#x938;&#x941;&#x930;&#x947;&#x936; &#x930;&#x93E;&#x92E; &#x92D;&#x93E;&#x908; </subfield>
  </datafield>
  <datafield tag="246" ind1=" " ind2=" ">
    <subfield code="a">Sant vinoba ki anand-yatra /</subfield>
    <subfield code="b">by Suresh Ram Bhai </subfield>
  </datafield>
  <datafield tag="260" ind1=" " ind2=" ">
    <subfield code="a">&#x915;&#x93E;&#x936;&#x940; </subfield>
    <subfield code="b">&#x905;&#x916;&#x93F;&#x932; &#x92D;&#x93E;&#x930;&#x924; &#x938;&#x930;&#x94D;&#x935;-&#x938;&#x947;&#x935;&#x93E; -&#x938;&#x902;&#x918;-&#x92A;&#x94D;&#x930;&#x915;&#x93E;&#x936;&#x928; </subfield>
    <subfield code="c">1955</subfield>
  </datafield>
  <datafield tag="270" ind1=" " ind2=" ">
    <subfield code="b">&#x915;&#x93E;&#x936;&#x940; </subfield>
    <subfield code="a">&#x930;&#x93E;&#x91C;&#x918;&#x93E;&#x91F; </subfield>
  </datafield>
  <datafield tag="300" ind1=" " ind2=" ">
    <subfield code="a">304&#x92A;&#x943;. </subfield>
    <subfield code="c">17&#x938;&#x947;&#x92E;&#x940; (&#x938;&#x91C;&#x93F;&#x932;&#x94D;&#x926;)</subfield>
    <subfield code="e">&#x92E;&#x93E;&#x928;&#x91A;&#x93F;&#x924;&#x94D;&#x930; </subfield>
  </datafield>
  <datafield tag="500" ind1=" " ind2=" ">
    <subfield code="a">&#x92A;&#x930;&#x93F;&#x936;&#x93F;&#x937;&#x94D;&#x920; &#x936;&#x93E;&#x92E;&#x93F;&#x932; </subfield>
  </datafield>
  <datafield tag="650" ind1=" " ind2=" ">
    <subfield code="a">&#x938;&#x92E;&#x93E;&#x91C; &#x936;&#x93E;&#x938;&#x94D;&#x924;&#x94D;&#x930; -- &#x935;&#x93F;&#x928;&#x94B;&#x92C;&#x93E; &#x92D;&#x93E;&#x935;&#x947; </subfield>
    <subfield code="9">91568</subfield>
  </datafield>
  <datafield tag="650" ind1=" " ind2=" ">
    <subfield code="a">&#x906;&#x928;&#x928;&#x94D;&#x926; &#x92F;&#x93E;&#x924;&#x94D;&#x930;&#x93E;  -- &#x935;&#x93F;&#x928;&#x94B;&#x92C;&#x93E; &#x92D;&#x93E;&#x935;&#x947; </subfield>
    <subfield code="9">91569</subfield>
  </datafield>
  <datafield tag="650" ind1=" " ind2=" ">
    <subfield code="a">Sociology -- Vinoba Bhave</subfield>
    <subfield code="9">91570</subfield>
  </datafield>
  <datafield tag="650" ind1=" " ind2=" ">
    <subfield code="a">Fun trip -- Vinoba Bhave</subfield>
    <subfield code="9">91571</subfield>
  </datafield>
  <datafield tag="942" ind1=" " ind2=" ">
    <subfield code="2">ddc</subfield>
    <subfield code="c">HN</subfield>
    <subfield code="h">301.153</subfield>
    <subfield code="m">&#x938;&#x941;&#x930;&#x947;&#x936; </subfield>
  </datafield>
  <datafield tag="999" ind1=" " ind2=" ">
    <subfield code="c">120615</subfield>
    <subfield code="d">120615</subfield>
  </datafield>
  <datafield tag="952" ind1=" " ind2=" ">
    <subfield code="0">0</subfield>
    <subfield code="1">0</subfield>
    <subfield code="4">0</subfield>
    <subfield code="7">0</subfield>
    <subfield code="a">L</subfield>
    <subfield code="b">L</subfield>
    <subfield code="d">2015-09-23</subfield>
    <subfield code="e">Cen Lib/Ret</subfield>
    <subfield code="g">1.50</subfield>
    <subfield code="l">0</subfield>
    <subfield code="o">301.153 &#x938;&#x941;&#x930;&#x947;&#x936;</subfield>
    <subfield code="p">197123</subfield>
    <subfield code="r">2015-09-23 00:00:00</subfield>
    <subfield code="t">1</subfield>
    <subfield code="v">1.50</subfield>
    <subfield code="w">2015-09-23</subfield>
    <subfield code="y">HN</subfield>
  </datafield>
</record>
